000 01129nam a2200265 i 4500
001 bg
245 0 0 _aAwarie budowlane :
_bbadania - diagnostyka - naprawy - rekonstrukcje : XXI konferencja naukowo-techniczna, Szczecin - Międzyzdroje 20-23 maja 2003 /
_c[oprac. materiałów konferencyjnych Maria Kaszyńska] ; Politechnika Szczecińska. Wydział Budownictwa i Architektury.
260 _aSzczecin :
_bWydawnictwo Uczelniane Politechniki Szczecińskiej,
_c2003.
300 _a843 s. :
_bil., mapy ;
_c24 cm.
500 _aTekst ang., pol. Streszcz. ang., pol. przy ref.
650 9 _aBudownictwo
_xmechanika
650 9 _aGeologia inżynierska
650 9 _aKatastrofy budowlane
650 9 _aKonstrukcje budowlane
_xochrona i konserwacja
655 _aMateriały konferencyjne
700 1 _aKaszyńska, Maria.
_eOprac.
710 0 _aPolitechnika Szczecińska
_bWydział Budownictwa i Architektury
020 _a8388764578
040 _cBPK
041 0 _aengpol
_bengpol
080 _a624.01/.07:69.059.28:624.131:614.8](061)
920 _a83-88764-57-8
942 _cKS
008 s pl f |000 0 pol
999 _c43477
_d43477
856 _uhttp://koha.tu.koszalin.pl/cgi-bin/koha/opac-detail.pl?biblionumber=43477
_yKatalog online BPK